Sociológie výchovy - její vývoj a problémy

Podrobná bibliografia
Hlavný autor: Galla, Karel, 1901-1987 (Autor)
Médium: Kniha
Jazyk:čeština
Fyzický popis:194 strán ilustrácie, tabuľky 25 cm
Vydavateľské údaje: V Praze Státní pedagogické nakladatelství 1986
Vydanie:1. vyd.
Edícia:Učebnice pro vysoké školy
Predmet:

MARC

LEADER 00000cam a2200000 a 4500
001 vtls001375123
003 SK-MaSNL
005 20260301201402.0
008 240226s1986 xr al frnp 001 0 cze
015 |a SNBA1986 
020 |q (viazané) 
035 |a SNK000329021 
035 |a 3B06CB4F-7D03-4CCC-8A97-CA89882CF5EA 
035 |a urn:nbn:sk:snk-am00igdn 
040 |a SNK  |b slo  |c SNK  |e AACR2 
041 0 |a cze 
044 |a xr  |c CZ 
072 7 |a 316.7  |x Sociológia kultúry. Kultúrny život  |2 konspekt 
072 7 |a 37.016  |x Učebné osnovy. Vyučovacie predmety. Učebnice  |2 konspekt 
080 |a 316.74:37  |2 2011 
080 |a (075.8)  |2 2011 
245 0 0 |a Sociológie výchovy - její vývoj a problémy  |c Karel Galla a kolektiv 
250 |a 1. vyd. 
260 |a V Praze  |b Státní pedagogické nakladatelství  |c 1986 
300 |a 194 strán  |b ilustrácie, tabuľky  |c 25 cm 
366 |e 3500 kusov 
490 1 |a Učebnice pro vysoké školy 
504 |a Bibliografia na strane 189-[190]. Vecný register na strane 191-[192]. Menný register na strane 193-[195]. Obsahuje bibliografické odkazy 
650 0 7 |a sociológia výchovy  |2 SNKPH  |9 1020 
655 7 |a učebnice vysokých škôl  |2 SNKPH  |9 70191 
700 1 |a Galla, Karel,  |d 1901-1987  |4 aut  |9 179599 
752 |a Česko  |d Praha 
830 0 |a Učebnice pro vysoké školy  |9 286150 
852 |a Slovenská národná knižnica 
954 |a odborná, vedecká literatúra cudzojazyčná (svetová)  |2 lita 
958 |a RK 
958 |a TL 
958 |a CZ 
958 |a OND 
958 |a UV 
958 |a SP 
958 |a NB 
958 |a EUIPO 
999 |c 894579  |d 896509 
952 |a SNK  |b SNK  |y PREZ  |7 0  |p 17A0215379  |o snkSC 67007  |i snkKIP 9164/86  |0 0  |1 0  |4 0  |d 1999-10-19  |f 1  |l 0  |r 2025-07-09 00:00:00  |w 2026-02-24